00570nam a2200169 4500003000900000020001800009040002800027090000900055100002800064245005200092260003700144300002000181650003700201942001200238999001700250952013300267CO-ViMGA a9789583023415 aCO-ViMGAbspacCO-ViMGA aCAMP1 aCampanella, Marco9201310aMamá, cuéntame un cuento!cMarco Campanella aBogotá : bPanamericana,c2010 a(32) p. ; 20 cm14aCuentos infantiles italianos982 2ddccBK c33669d33669 00102ddc40708008aMEVIECARbMEVIECARd2015-12-05l23m2oCAMmp29455r2019-05-30 00:00:00s2019-05-27tEj. 1w2015-12-05yBK